Computer Interfacing and Automation: Hardware, Firmware and Software Design Theory and Practice (Record no. 11349)
[ view plain ]
| 000 -LEADER | |
|---|---|
| fixed length control field | 00406nam a22001457a 4500 |
| 003 - CONTROL NUMBER IDENTIFIER | |
| control field | OSt |
| 008 - FIXED-LENGTH DATA ELEMENTS--GENERAL INFORMATION | |
| fixed length control field | 220613b ||||| |||| 00| 0 eng d |
| 020 ## - INTERNATIONAL STANDARD BOOK NUMBER | |
| International Standard Book Number | 978-8194778783 |
| 082 ## - DEWEY DECIMAL CLASSIFICATION NUMBER | |
| Classification number | 621.38173 |
| 100 ## - MAIN ENTRY--PERSONAL NAME | |
| Personal name | ANTONY, J. |
| 245 ## - TITLE STATEMENT | |
| Title | Computer Interfacing and Automation: Hardware, Firmware and Software Design Theory and Practice |
| 260 ## - PUBLICATION, DISTRIBUTION, ETC. (IMPRINT) | |
| Place of publication, distribution, etc | New Delhi |
| Name of publisher, distributor, etc | Wiley |
| Date of publication, distribution, etc | 2021 |
| 300 ## - PHYSICAL DESCRIPTION | |
| Extent | 1006 |
| 942 ## - ADDED ENTRY ELEMENTS (KOHA) | |
| Source of classification or shelving scheme | Dewey Decimal Classification |
| Koha item type | Text Books |
| Withdrawn status | Lost status | Source of classification or shelving scheme | Damaged status | Not for loan | Collection code | Home library | Current library | Date acquired | Source of acquisition | Currency | Cost, normal purchase price | Bill Number | Total Checkouts | Full call number | Acc. no. / Barcode | Date last seen | Actual Cost, discounted price | Bill Date | Koha item type | Public note |
|---|---|---|---|---|---|---|---|---|---|---|---|---|---|---|---|---|---|---|---|---|
| Dewey Decimal Classification | B.Tech(CSE) | PIET C-LIBRARY | PIET C-LIBRARY | 30/05/2022 | M.K.Book Distributor | Indian Rup | 1195.00 | CM49 | 621.38173 ANC | 33691 | 13/06/2022 | 824.55 | 30/05/2022 | Text Books | ||||||
| Dewey Decimal Classification | B.Tech(IT) | PIET C-LIBRARY | PIET C-LIBRARY | 21/11/2024 | Kirti Prakashan | INR | 1195.00 | CM16 | 621.38173 ANC | 38615 | 28/01/2025 | 896.25 | 21/11/2024 | Text Books | Decentralization |